<?xml version="1.0" encoding="utf-8"?>
<?xml-stylesheet type='text/xsl' href='./oai2.xsl'?>
<OAI-PMH xmlns="http://www.openarchives.org/OAI/2.0/" xmlns:xsi="http://www.w3.org/2001/XMLSchema-instance" xsi:schemaLocation="http://www.openarchives.org/OAI/2.0/ http://www.openarchives.org/OAI/2.0/OAI-PMH.xsd">
  <responseDate>2026-06-07T20:49:37Z</responseDate>
  <request verb="GetRecord" metadataPrefix="marcxml" identifier="record_kuniweb_414333">https://kulturerbe.niedersachsen.de/oai</request>
  <GetRecord>
    <record>
      <header>
        <identifier>record_kuniweb_414333</identifier>
        <datestamp>2026-03-31T19:09:18Z</datestamp>
        <setSpec>slg0184</setSpec>
      </header>
      <metadata>
        <marc:record xmlns:marc="http://www.loc.gov/MARC21/slim" xsi:schemaLocation="http://www.loc.gov/MARC21/slim http://www.loc.gov/standards/marcxml/schema/MARC21slim.xsd">
          <marc:leader>12345nkm  22     uu 4500</marc:leader>
          <marc:controlfield tag="001">414333</marc:controlfield>
          <marc:controlfield tag="003">http://kuniweb.gbv.de</marc:controlfield>
          <marc:controlfield tag="005">2025-12-16T14:14:52</marc:controlfield>
          <marc:controlfield tag="008">|           ||||||||||||||||||||||</marc:controlfield>
          <marc:datafield tag="245" ind1="1" ind2="0">
            <marc:subfield code="a">Haus des Revisionsrates von Hontheim in Koblenz, Ansicht der Straßenfront</marc:subfield>
          </marc:datafield>
          <marc:datafield tag="720" ind1=" " ind2=" ">
            <marc:subfield code="a">Peter Joseph Krahe</marc:subfield>
          </marc:datafield>
          <marc:datafield tag="655" ind1=" " ind2="7">
            <marc:subfield code="a">Grafik</marc:subfield>
          </marc:datafield>
          <marc:datafield tag="046" ind1=" " ind2=" ">
            <marc:subfield code="k">1787</marc:subfield>
            <marc:subfield code="k">1787</marc:subfield>
          </marc:datafield>
          <marc:datafield tag="260" ind1=" " ind2=" ">
            <marc:subfield code="g">1787</marc:subfield>
            <marc:subfield code="g">1787</marc:subfield>
          </marc:datafield>
          <marc:datafield tag="300" ind1=" " ind2=" ">
            <marc:subfield code="a">Breite: 36,8 cm
Höhe: 26,2 cm</marc:subfield>
          </marc:datafield>
          <marc:datafield tag="520" ind1=" " ind2=" ">
            <marc:subfield code="a">Beschreibung: Dreigeschossige Fassade mit 7 (1+5+1) Fensteracchsen, durch Eckvorlagen und eine mittlere Rücklage unterteilt. Über niedrigem Sockel folgt ein rustiziertes Erdgeschoß mit eingeschnittenen Fenstern, in seiner Mitte ein Portal mit profilierten, leicht geböschten Gewänden und plastisch vortretenden, gestuften Keilsteinen im Sturz, im äußeren rechten Feld eine von Pilastern und glattem Gebälk gerahmte Durchfahrt zum Hof, ihr entsprechend links eine ebensolche Rahmung des äußeren Erdgeschoßfensters, Anschluß durch ein Zwischengesims mit Wogenband und Attikazone als Brüstung der darüberstehenden Fenster. Beide Obergeschosse sind durch gemeinsame Wandflächen zusammengefaßt: glatt geputzte Felder in der Breite der unteren Pilasterstellungen rahmen als Seitenrisalite die mittlere rustizierte Fläche, in der die eingeschnittenen Fenster liegen, darüber trägt ein umlaufendes Konsolengesims ein Walmdach, in ihm drei ovale Gaupen und symmetrisch stehende Schornsteinköpfe. Die Ansicht stimmt sehr genau mit der ausgeführten Fassade überein. Zwei Balkone und die Verlegung des Eingangs in die linke Pilasterstellung sind spätere Zutaten. Numerierung durch Friedrich Maria Krahe/ Nachlaßstempel oben rechts. Maßstab ohne Angaben. (Städtisches Museum Braunschweig)

Aufschrift:
"P. Krahe inv et erescit", "Am Schloßplatz in Coblenz" (Bleistift, Fr. M. Krahe) (Signatur unten rechts)

Aufschrift:
(unten links)

Beschrieben in:
Dorn, R./ Bd. II, Kat. 343</marc:subfield>
          </marc:datafield>
          <marc:datafield tag="650" ind1="1" ind2=" ">
            <marc:subfield code="a">Graphik</marc:subfield>
          </marc:datafield>
          <marc:datafield tag="650" ind1="1" ind2=" ">
            <marc:subfield code="a">Grafik, Fotografie &gt; Zeichnung &gt; Pinselzeichnung</marc:subfield>
          </marc:datafield>
          <marc:datafield tag="650" ind1="1" ind2=" ">
            <marc:subfield code="a">Grafik, Fotografie &gt; Zeichnung &gt; Federzeichnung</marc:subfield>
          </marc:datafield>
          <marc:datafield tag="650" ind1="1" ind2=" ">
            <marc:subfield code="a">Zeichnung/Grafik</marc:subfield>
          </marc:datafield>
          <marc:datafield tag="773" ind1="0" ind2=" ">
            <marc:subfield code="t">Sammlung Grafik</marc:subfield>
          </marc:datafield>
          <marc:datafield tag="852" ind1=" " ind2=" ">
            <marc:subfield code="a">Städtisches Museum Braunschweig</marc:subfield>
          </marc:datafield>
          <marc:datafield tag="852" ind1=" " ind2=" ">
            <marc:subfield code="a">Deutschland</marc:subfield>
          </marc:datafield>
          <marc:datafield tag="" ind1=" " ind2=" ">
            <marc:subfield code="a">Namensnennung - Nicht kommerziell - Keine Bearbeitungen 4.0 International (CC BY-NC-ND 4.0)</marc:subfield>
          </marc:datafield>
        </marc:record>
      </metadata>
    </record>
  </GetRecord>
</OAI-PMH>
